Celebrities by Audiobook Quiz Stats

 Plays Quiz Updated Aug 11, 2016

Also try: Famous Miis
Challenge
Share
Tweet
Score 0/24 Timer 10:00
1 Play Today
Range Celebrity % Correct
4:27-4:39Morgan Freeman
69.2%
0:00-0:13Alan Rickman
63.9%
2:23-2:35Whoopi Goldberg
57.5%
2:06-2:22Samuel L. Jackson
53.8%
3:12-3:25Julia Roberts
47.4%
4:53-5:04Jack Nicholson
43.8%
0:14-0:26Woody Allen
36.4%
0:27-0:37Johnny Cash
33.7%
2:36-2:53John Lithgow
33.4%
1:03-1:16Donald Sutherland
32.1%
1:17-1:27Dustin Hoffman
26%
5:22-5:32Christopher Walken
25.1%
Range Celebrity % Correct
1:42-1:52Jeremy Irons
21.6%
0:38-0:49Meg Ryan
19.2%
1:53-2:05John Cleese
17%
0:50-1:02Michael Palin
16.1%
3:26-3:41Garrison Keillor
11.7%
5:05-5:21Gwyneth Paltrow
10.6%
2:54-3:11Walter Matthau
9.7%
1:28-1:41Paul Newman
9.5%
3:56-4:09Danny Glover
8.2%
4:10-4:26Kenneth Branagh
7.1%
4:40-4:52Tim Curry
5.7%
3:42-3:55Burt Reynolds
3.1%

You're not logged in!

Compare scores with friends on all Sporcle quizzes.
Join for Free
OR
Log In

You Might Also Like...

Show Comments

Extras

Top Quizzes Today


Score Distribution

Your Account Isn't Verified!

In order to create a playlist on Sporcle, you need to verify the email address you used during registration. Go to your Sporcle Settings to finish the process.

Report this User

Report this user for behavior that violates our Community Guidelines.

Details: